Loading...
| Fine Arts - Other | 0 | 3 | 0 | 0 | 30 | 28 | 78.00 | 0 | 2 | 9.36 | 16.16 |
| Popular Culture | 0 | 3 | 0 | 0 | 30 | 51 | 70.67 | 2 | 2 | 19.03 | 37.50 |
| Science - Chemistry | 0 | 2 | 0 | 0 | 20 | 83 | 85.50 | 0 | 0 | 3.13 | 10.73 |
| History - Other | 0 | 1 | 0 | 0 | 10 | 95 | 95.00 | 0 | 0 | 1.31 | 4.04 |
| Literature - World | 0 | 1 | 0 | 0 | 10 | 107 | 107.00 | 0 | 0 | 1.31 | 3.03 |
| Science - Physics | 0 | 1 | 0 | 1 | 10 | 90 | 90.00 | 0 | 0 | 1.58 | 3.41 |
| Fine Arts - Classical Music | 0 | 1 | 0 | 1 | 10 | 130 | 130.00 | 0 | 0 | 0.00 | 1.14 |
| Geography | 0 | 1 | 0 | 0 | 10 | 15 | 15.00 | 1 | 1 | 14.31 | 14.58 |
| Science - Other | 0 | 1 | 0 | 0 | 10 | 92 | 92.00 | 0 | 1 | 1.49 | 6.82 |
| Current Events | 0 | 1 | 0 | 0 | 10 | 79 | 79.00 | 0 | 0 | 6.71 | 16.67 |
| Science - Biology | 0 | 1 | 0 | 0 | 10 | 75 | 75.00 | 0 | 0 | 3.11 | 2.27 |
| Literature - British | 0 | 0 | 0 | 0 | 0 | 0.00 | 0 | 0 | 0.00 | 0.00 | |
| Religion | 0 | 0 | 1 | 0 | -5 | 0.00 | 0 | 0 | 0.00 | 0.00 |